书目信息 |
| 题名: |
2001年度网络程序员级和网络设计师级试题分析与解答
|
|
| 作者: | 信息产业部计算机软件专业技术资格和水平考试办公室 组 编 | |
| 分册: | ||
| 出版信息: | 北京 清华大学出版社 2002.05 |
|
| 页数: | 129页 | |
| 开本: | 26cm | |
| 丛书名: | ||
| 单 册: | ||
| 中图分类: | TP393.09 | |
| 科图分类: | ||
| 主题词: | 计算机应用 | |
| 电子资源: | ||
| ISBN: | 7-302-05432-0 | |
| 000 | 00932nam0 2200193 450 | |
| 001 | 0833695739 | |
| 005 | 20080311092350.62 | |
| 010 | @a7-302-05432-0@dCNY13.00 | |
| 100 | @a20080311d2002 km y0chiy0120 ea | |
| 101 | 0 | @achi |
| 102 | @aCN@b110000 | |
| 200 | 1 | @a2001年度网络程序员级和网络设计师级试题分析与解答@A2001 nian du wang luo cheng xu yuan ji he wang luo she ji shi ji shi ti fen xi yu jie da@f信息产业部计算机软件专业技术资格和水平考试办公室 组编@Fxin xi chan ye bu ji suan ji ruan jian zhuan ye ji shu zi ge he shui ping kao shi ban gong shi zu bian |
| 210 | @a北京@c清华大学出版社@d2002.05 | |
| 215 | @a129页@d26cm | |
| 606 | 0 | @a计算机应用 |
| 690 | @aTP393.09@v4 | |
| 701 | 0 | @a信息产业部计算机软件专业技术资格和水平考试办公室 组@Axin xi chan ye bu ji suan ji ruan jian zhuan ye ji shu zi ge he shui ping kao shi ban gong shi zu@4编 |
| 801 | 0 | @aCN@b大连网信软件有限公司图书馆·11@c20080311 |
| 905 | @aZUCC@dTP393.09@eX5951 | |
| 2001年度网络程序员级和网络设计师级试题分析与解答/信息产业部计算机软件专业技术资格和水平考试办公室 组编.-北京:清华大学出版社,2002.05 |
| 129页;26cm |
| ISBN 7-302-05432-0:CNY13.00 |
| ● |
| 相关链接 |
|
|
|
正题名:2001年度网络程序员级和网络设计师级试题分
索取号:TP393.09/X5951
 
预约/预借
| 序号 | 登录号 | 条形码 | 馆藏地/架位号 | 状态 | 备注 |
| 1 | 478868 | 204788685 | 计算机与数据科学学院资料室/ [索取号:TP393.09/X5951] | 在馆 |